| 000 | 01071naa a22002777a 4500 | ||
|---|---|---|---|
| 001 | BR8708468 | ||
| 003 | BR-BrBNA | ||
| 005 | 20240918175923.0 | ||
| 007 | ta | ||
| 008 | 230509b bl.||||| |||| 00| 0 por d | ||
| 040 |
_aBR-BrBNA _bpor _cBiblioteca Nacional de Agricultura |
||
| 041 | _a(Pt) | ||
| 072 | _aE50 | ||
| 090 | _aE50 BR8708468 | ||
| 100 | 1 | _aCavalcanti, Z.M.C.C. | |
| 100 | 1 | _aCosta, M.L.F. | |
| 111 | 1 |
_a6. Encontro Nacional de Geografia Agraria _cGaranhuns, PE (Brazil) _d9-14 Dec 1985 |
|
| 245 | 1 | _aA mulher do campo e seus alunos - uma contribuicao ao estudo da educacao no meio rural | |
| 260 | 3 |
_aRecife, PE (Brasil): _bMassangana, _c1985. |
|
| 500 | _aAnais do 6. Encontro Nacional de Geografia Agraria. Comunicacoes Recife, PE (Brasil): Massangana, 1985. p. 245-249 (BR8708468-AM)E50 | ||
| 650 | _aCOMUNIDADE RURAL | ||
| 650 | _aEDUCACAO | ||
| 773 | 0 |
_tAnais do 6. Encontro Nacional de Geografia Agraria. Comunicacoes _wE50 BR8708468 _gRecife, PE (Brasil), 1985. p. 245-249 |
|
| 909 |
_a202404 _bLucia _c55 _dLucia Elande |
||
| 942 |
_cAM _2AGRIS |
||
| 999 |
_c318806 _d318806 |
||